| 000 | 00394nam a2200157 a 4500 | ||
|---|---|---|---|
| 082 | 0 | 0 |
_a305.40954 _bSUB |
| 100 | _aSubbamma, Malladi | ||
| 245 | _aAtrocities on Women | ||
| 260 |
_aHyderabad _bMalladi Publications _c1987 |
||
| 300 | _a62p | ||
| 500 | _aincludes index and biblioraphy | ||
| 505 | 2 | _aBibliography, Index | |
| 650 | _aWomen-India | ||
| 700 | 1 | _aSubbamma, Malladi | |
| 942 | _cBK | ||
| 999 |
_c11202 _d11202 |
||